| 000 | 00919nam a2200265Ia 4500 | ||
|---|---|---|---|
| 003 | OSt | ||
| 005 | 20221005083826.0 | ||
| 006 | a|||||r|||| 00| 0 | ||
| 007 | ta | ||
| 008 | 221004b |||||||| |||| 00| 0 eng d | ||
| 020 |
_a8188965421 (hbk) _c400 |
||
| 024 | _a97194 | ||
| 037 |
_b0023, 22/12/2008, Independent Publishers Group _cTextual |
||
| 040 |
_aCRL _cCRL _beng |
||
| 041 |
_2eng _aeng |
||
| 082 | _aY:4515.49G, P8 | ||
| 100 |
_aCoomaraswamy Radhika Ed. _9149602 |
||
| 245 | 0 |
_aConstellation of violence _b Feminist interventions in South Asia |
|
| 260 |
_aNew Delhi _bWomen Unlimited India _c2008 |
||
| 300 |
_axx,260p. _ccm. |
||
| 650 | _aSOCIOLOGY | ||
| 700 |
_a Perera-Rajasingham Nimanthi Ed. _9612860 |
||
| 942 |
_hY:4515.49G, P8 _cTEXL _2cc |
||
| 999 |
_c991618 _d991618 |
||